000 00619nam a2200229 a 4500
001 66877
003 BD-RjUL
005 20211209081604.0
008 170320m1963 nyua b 000 0 eng d
035 _a(BD-RjUL)67008
040 _cBD-RjUL
_dBD-RjUL
_beng
_aBD-RjUL
041 _aeng
082 0 0 _a510
_223
_bSAL1963
100 1 _aSaaty, Thomas L.
_9198024
245 1 0 _aLectures on modern mathematics /
_cThomas L Saaty
260 _aNew York :
_bWiley,
_c1963
300 _a v. :
_bill. ;
_c22 cm.
504 _aIncludes bibliographies.
505 0 _aVol. 1 --
650 0 _aMathematics.
_9198025
942 _2ddc
_cBK
999 _c66877
_d66877